100 Marvel Heroes - Statistics

General Stats
  • This quiz has been taken 50 times
    39 since last reset
  • The average score is 62 of 100
Answer Stats
Picture Answer % Correct
Black Panther
100%
Black Widow
100%
Ant-Man
96%
Captain America
93%
Beast
89%
Blade
89%
Deadpool
89%
Dr. Strange
89%
Angel
86%
Black Bolt
86%
Cyclops
86%
Daredevil
86%
Drax the Destroyer
86%
Ghost Rider
86%
Groot
86%
Colossus
82%
Falcon
82%
Gambit
82%
Gamora
82%
Hawkeye
82%
Ice Man
82%
Iron Man
82%
Mantis
82%
Professor X
82%
Rocket Raccoon
82%
Rogue
82%
Silver Surfer
82%
Spider-Man
82%
Thor
82%
Adam Warlock
79%
Cable
79%
Howard the Duck
79%
Human Torch
79%
Invisible Woman
79%
Moon Knight
79%
Mr. Fantastic
79%
Scarlet Witch
79%
She-Hulk
79%
The Hulk
79%
Wolverine
79%
Captain Britain
75%
Ms. Marvel
75%
Namor the Sub-Mariner
75%
Nightcrawler
75%
Phoenix
75%
Star-Lord
75%
Storm
75%
War Machine
75%
Winter Soldier
75%
Iron Fist
71%
Nick Fury
71%
Quicksilver
71%
The Thing
71%
Vision
71%
Wasp
71%
Captain Marvel
68%
Cloak
68%
Emma Frost
68%
Banshee
64%
Beta Ray Bill
64%
Black Knight
64%
Dagger
64%
Shang-Chi
64%
The Punisher
64%
Domino
61%
Elektra
61%
Jubilee
61%
Man-Thing
61%
Powerman
61%
Psylocke
61%
Sentry
61%
Wonder Man
61%
Squirrel Girl
57%
White Tiger
57%
Firestar
54%
Magik
50%
Union Jack
50%
Big Bertha
43%
Hercules
43%
Shadowcat
43%
Ka-Zar the Great
32%
Sunfire
29%
Flatman
25%
Kid Colt
25%
Shanna the She-Devil
25%
Doorman
21%
Mr. Immortal
21%
Blue Diamond
18%
Thunderbird
18%
Citizen V
14%
Blazing Skull
11%
Blonde Phantom
11%
Flexo the Rubber Man
7%
Peter Wisdom
7%
Black Raider
4%
Challenger
4%
Phantom Bullet
4%
Secret Stamp
4%
Silver Scorpion
4%
Thin Man
4%
No matching quizzes found
Score Distribution
Percent of People with Each Score
Percentile by Number Answered
Your Score History
You have not taken this quiz since the last reset